000
00299nam a22001337a 4500
008
170622b xxu||||| |||| 00| 0 eng d
020
_a
9780415096423
041
_a
eng
080
_a
32
100
_a
21
101
_a
SHP
245
_a
THE THREE PILLARS OF LIBERTY
_c
KLUG.F
942
_2
udc
_c
BK
999
_c
18729
_d
18729